000 05626nab a22009497 4500
003 AR-RoUNA
022 _a0327-9022
040 _aAR-RoUNA
_bspa
041 _aspa
044 _aag
245 _aSumma+
246 _a Espacio Público. Condensadores urbanos. Parques. Edificios comunitarios
260 _aBuenos Aires ,
_c1993
300 _a132 p. :
_bil. byn.
_bplanos
_c34 X25 cm.
505 0 _tINDICE
505 0 _aFernando Diez / Espacios Público y condensadores urbanos. p. 1
505 0 _tCARTELERIA
505 0 _aGuillermo Vázquez Consuegra / Caixaforum Sevilla, España, 2017. p. 4
505 0 _aIsaac Broid + PRODUCTORA / Auditorio Cultural Estatal Teopanzolco, Cuernavaca, Morelos, México, 2017. p. 4
505 0 _aLabics / Citta del Sole, Roma, Italia, 2010. p. 5
505 0 _aMVRDV / Seoullo 7017 Skygarden, Seúl, Corea del Sur, 2015. p. 5
505 0 _aADEPT / Parque Vestre Fjord, Aalborg, Dinamarca, 2017. p. 6
505 0 _aKristin Jarmund Architects / Extensión de la estación de subte Nydalen, Osio, Noruega, 2016. p. 6
505 0 _aLorcan O´Herlihy Architects [LOHA] / Mariposa 1038, Los Ángeles, Estados Unidos, 2017. p. 7
505 0 _aM. Victoria Silvestre, Carmela L. Filí Tujchneider, arqs. / Escuela Especial Dra. Sara Faisal Nº1429, Santa Fe, Argentina, 2017. p. 7
505 0 _tCONDENSADORES URBANOS - SAN PABLO
505 0 _aCarlos Eduardo Comas / Historia de Dos Unidades Sesc Pompeia y Sesc 24 de Maio. p. 8
505 0 _aPaulo Mendes Da Rocha + MMBB Arquitectos / SEC 24 de Maio y Dom José de Barros, Centro, San Pablo, Brasil, 2017. p. 13
505 0 _aFrancesco Perrotta - Bosch / Elevando el espacio público. p. 20
505 0 _aAndrade Morettin arquitectos associados / Instituto Moreira Salles, San Pablo, Brasil, 2017. p. 27
505 0 _tPARQUES
505 0 _aMagdalena Tagliabue / La Horizontalidad de la Ciudad. p. 34
505 0 _aGaeta Springall / Abierto a la Memoria. Memorial a las victimas de la violencia en México. p. 36
505 0 _aGaeta Springall / Memorial a las víctimas de violencia en México, Bosque de Chapultepec, México, 2013. p. 40
505 0 _aMinond + Bulla / Continuidad de los parques. Parque y Centro de Exposiciones y Convenciones, Argentina. p. 42
505 0 _aMinond + Bulla / Parque y Centro de Exposiciones y Convenciones, Buenos Aires, Argentina, 2017. p. 49
505 0 _tURBANISMO SALVAJE
505 0 _aDiller Scofidio + Renfro, Citymakers, Hargreavers associates / Parque Zaryadye, Moscú, Rusia, 2017. p. 54
505 0 _tSE IGUALA HACIA EL LITORAL
505 0 _aEstudio Herreros / Parques Litorales, ciudad de Panamá, 2014. p. 63
505 0 _aGustavo Alonso Serafín / Edificios comunitarios. Construcción Comunitaria. p. 64
505 0 _tE D I F I C I O S C O M U N I T AR I O S
505 0 _aProductora / Centro Cultural Comunitario Teotitlán Del Valle, Oaxaca, México, 2016. p. 66
505 0 _aBeals Lyon arquitectos / El lumbral de la ciudad.Municipalidad de Nancagua, VII Región, Chile, 2016. p. 74
505 0 _aColectivo 720 / Imaginación Urbana. Unidad de vida articulada ¨Orfelinato¨, Medellín , Colombia, 2015. p. 80
505 0 _aCCFGM Arquitectos Assosciados / Salón de usos múltiples del Balneario Municipal de Cafayate, Salta, Argentina, 2015. p. 88
505 0 _tESPACIOS PUBLICOS Y VIVIENDAS
505 0 _aJosep María Montaner / Barcelona contemporánea: cultura del habitar y espacio público. p. 94
505 0 _tCREADORES DE NUEVOS USOS
505 0 _aPezo Von Ellrichshausen / Pabellón Hall, Land-Op-Art, Trinity Square, Hull, Reino Unido, 2017. p. 102
505 0 _aDellekamp Arquitectos / Flexibilidad Triangular: Pabellón Temporal ¨Casa de Suiza¨, Bosque de Chapultepec, México. p. 104
505 0 _aJosep Ferrando / El sistema y sus progresiones: Nido de la Cultura, Vicente López, Provincia de Buenos Aires, Argentina, 2017. p. 106
505 0 _tESPACIOS PUBICOS
505 0 _aValeria Matayoshi / Comunidad y trabajo. p. 108
505 0 _aLa Maquinita, Palermo Soho, 2013. p. 108
505 0 _aUrban Station, San Telmo, 2012. p. 110
505 0 _aWework Torre Bellini, Retiro, 20017. p. 111
505 0 _tHISTORIA - BUENOS AIRES
505 0 _aJuan Vacas / Espacio Público en la City Porteña. p. 112
505 0 _tFRAGMENTOS
505 0 _tBuenos Aires a través de la lente de DE SIGWART BLUM. p.120
505 0 _tRECUPERANDO LOS MÁRGENES: concurso Bioparque Metropolitano. p. 124
505 0 _aConcurso Nacional de Ideas Plan Maestro Bioparque Metropolitano CEAMSE-Villa Domínico, 2017. Proyecto Ganador. p. 125
505 0 _aIgnacio Ros De Olano / Palladio y Venecia en el papel. p. 128
505 0 _aRoberto Fernández / Quiroga: la Utopía realizada. Proyecto del Templo panóptico de Patzcuaro, 1538. p. 129
505 0 _aRaúl Navas y Mario Sabugo / De chapas y captchas. p. 130
505 0 _tPOST-SCRIPTUM
505 0 _aJulio Arroyo / Normativa Urbana: El caso Santa Fe. p. 132
600 1 7 _aComas, Carlos Eduardo
_d1943-
_92039
600 1 0 _aRocha, Paulo Mendes da,
_d1928-2021
_924547
600 1 0 _aDiller, Elizabeth,
_d1954-
_925546
600 0 _aScofidio, Ricardo
_d1935-2025
_925545
650 _aArquitectura contemporánea
650 _aEspacio urbano
_92147
650 _aDiseño del paisaje
_97385
650 _aCentros culturales
_91558
773 0 _aSumma+
_dBuenos Aires, Argentina
_gNº163 (abr-2008), p. 132
_x0327-9022
908 _aImp
942 _2udc
_cART
945 _aMBP
_d2022-07-08
980 _85
_gMaría Machado
_6138
_aCarolina Rainero
999 _c12079
_d12079